| 000 | 00363nam a22001337a 4500 | ||
|---|---|---|---|
| 999 |
_c533731 _d533731 |
||
| 040 | _cdlc | ||
| 082 |
_a515 _bSAF |
||
| 100 |
_aEdward B. Saff _927694 |
||
| 245 | _aFundamentals of Complex Analysis with Applications to Engineering, Science, and Mathematics | ||
| 250 | _a3rd edition | ||
| 260 |
_aIndia _bPearson _cc2013 |
||
| 300 | _a518;pxv | ||
| 942 |
_2ddc _cBK |
||